Trò bịp trên phố Wall
Trò bịp trên Phố Wall là hồi ký của Michael Lewis về bốn năm làm việc tại hãng đầu tư Salomon Brother.
Сохранить в:
| Главный автор: | |
|---|---|
| Формат: | |
| Язык: | Undetermined |
| Опубликовано: |
Hà Nội
Lao động
2016
|
| Предметы: | |
| Метки: |
Добавить метку
Нет меток, Требуется 1-ая метка записи!
|
| Thư viện lưu trữ: | Trung tâm Học liệu Trường Đại học Cần Thơ |
|---|
| LEADER | 00801nam a2200217Ia 4500 | ||
|---|---|---|---|
| 001 | CTU_221033 | ||
| 008 | 210402s9999 xx 000 0 und d | ||
| 020 | |c 129000 | ||
| 082 | |a 332.62092 | ||
| 082 | |b L675 | ||
| 100 | |a Lewis, Michael | ||
| 245 | 0 | |a Trò bịp trên phố Wall | |
| 245 | 0 | |c Michael Lewis ; Nguyễn Phương Hùng (Dịch) | |
| 260 | |a Hà Nội | ||
| 260 | |b Lao động | ||
| 260 | |c 2016 | ||
| 520 | |a Trò bịp trên Phố Wall là hồi ký của Michael Lewis về bốn năm làm việc tại hãng đầu tư Salomon Brother. | ||
| 650 | |a Môi giới,Trái phiếu,Bonds,Brokers | ||
| 650 | |z Hoa Kỳ,Hoa Kỳ,United States.,United States | ||
| 904 | |i Tuyến | ||
| 980 | |a Trung tâm Học liệu Trường Đại học Cần Thơ | ||